000 00301nam a2200121Ia 4500
008 240731s9999 xx 000 0 und d
022 _a1470-1243
245 0 _aSport, Education and Society
260 _bRoutledge
856 _uhttps://www.tandfonline.com/loi/cses20
942 _2ddc
942 _cTFEJ
999 _c79533
_d79533
945 _a1
_bMadushi Gamage
_c1
_dMadushi Gamage